| 000 | 01128nam a22001817a 4500 | ||
|---|---|---|---|
| 005 | 20260123085830.0 | ||
| 008 | 230712b ||||| |||| 00| 0 eng d | ||
| 040 |
_cSSBUL _dSSBUL |
||
| 082 |
_223 _a၉၅၉.၁ နိုင် ၁၆၀၈၀ (S-SAT) |
||
| 245 | _aနိုင်ငံတော်အာဏာသိမ်းပိုက်ရယူရေးအတွက် ဗမာပြည်ကွန်မြူနစ်ပါတီပေါ်လစ်ဗြူရို၏ကြံစည်မှုများနှင့်လုပ်ဆောင်ချက်များ / | ||
| 250 | _aဒုတိယအကြိမ်။ | ||
| 260 |
_aရန်ကုန်၊ _bပြန်ကြားရေးဝန်ကြီးဌာန၊ _c၁၉၉၀။ |
||
| 300 |
_a၁၈၀ စာမျက်နှာ၊ _bဓာတ်ပုံများ၊ _c၂၄ စင်တီ။ |
||
| 500 | _aS-SAT: Dr. Prof Sai Aung Tun | ||
| 650 |
_aဗမာပြည်ကွန်မြူနစ်ပါတီ။ _927804 |
||
| 651 |
_aမြန်မာနိုင်ငံ _vသမိုင်း။ _912387 |
||
| 942 |
_2ddc _cBK1 |
||
| 999 |
_c27089 _d27089 |
||